新潟県の市町村 (2000年) - Statistics

General Stats
  • This quiz has been taken 105 times
    89 since last reset
  • The average score is 70 of 112
Answers on the Map
Answers color-coded by a green-red scale on the quiz's map according to % correct below.
 
Answer Stats
ヒント 市町村名 % Correct
新潟市にいがたし
96%
長岡市ながおかし
96%
村上市むらかみし
96%
柏崎市かしわざきし
94%
十日町市とおかまちし
94%
糸魚川市いといがわし
94%
上越市じょうえつし
94%
小千谷市おぢやし
92%
燕市つばめし
92%
南魚沼郡 六日町むいかまち
92%
中頸城郡 妙高村みょうこうむら
92%
三条市さんじょうし
90%
新発田市しばたし
90%
両津市りょうつし
90%
南魚沼郡 湯沢町ゆざわまち
90%
刈羽郡 刈羽村かりわむら
90%
白根市しろねし
85%
新津市にいつし
83%
見附市みつけし
83%
西蒲原郡 弥彦村やひこむら
83%
西蒲原郡 巻町まきまち
83%
三島郡 出雲崎町いずもざきまち
83%
中魚沼郡 津南町つなんまち
83%
加茂市かもし
81%
北蒲原郡 聖籠町せいろうまち
81%
西頸城郡 青海町おうみまち
81%
岩船郡 関川村せきかわむら
81%
岩船郡 粟島浦村あわしまうらむら
81%
栃尾市とちおし
79%
新井市あらいし
79%
北魚沼郡 川口町かわぐちまち
79%
豊栄市とよさかし
77%
南蒲原郡 田上町たがみまち
77%
佐渡郡 相川町あいかわまち
77%
五泉市ごせんし
75%
中頸城郡 頸城村くびきむら
75%
北蒲原郡 水原町すいばらまち
73%
中頸城郡 柿崎町かきざきまち
73%
西頸城郡 能生町のうまち
73%
北蒲原郡 中条町なかじょうまち
71%
中蒲原郡 亀田町かめだまち
71%
西蒲原郡 分水町ぶんすいまち
71%
北魚沼郡 小出町こいでまち
71%
中頸城郡 妙高高原町みょうこうこうげんまち
71%
岩船郡 朝日村あさひむら
71%
西蒲原郡 吉田町よしだまち
69%
三島郡 寺泊町てらどまりまち
69%
南魚沼郡 塩沢町しおざわまち
69%
東頸城郡 松代町まつだいまち
69%
岩船郡 山北町さんぽくまち
69%
西頸城郡 名立町なだちまち
67%
西蒲原郡 黒埼町くろさきまち
65%
刈羽郡 西山町にしやままち
65%
佐渡郡 赤泊村あかどまりむら
65%
古志郡 山古志村やまこしむら
63%
東頸城郡 大島村おおしまむら
63%
佐渡郡 小木町おぎまち
63%
中頸城郡 大潟町おおがたまち
60%
三島郡 三島町みしままち
58%
北蒲原郡 紫雲寺町しうんじまち
56%
南蒲原郡 下田村しただむら
56%
南蒲原郡 中之島町なかのしままち
56%
北魚沼郡 入広瀬村いりひろせむら
56%
東頸城郡 牧村まきむら
56%
中頸城郡 中郷村なかごうむら
56%
佐渡郡 佐和田町さわたまち
56%
中蒲原郡 小須戸町こすどまち
54%
中蒲原郡 村松町むらまつまち
54%
西蒲原郡 岩室村いわむろむら
54%
東蒲原郡 津川町つがわまち
54%
岩船郡 荒川町あらかわまち
54%
佐渡郡 羽茂町はもちまち
54%
北蒲原郡 京ヶ瀬村きょうがせむら
52%
三島郡 越路町こしじまち
52%
東頸城郡 浦川原村うらがわらむら
52%
東頸城郡 松之山町まつのやままち
52%
西蒲原郡 月潟村つきがたむら
50%
北魚沼郡 堀之内町ほりのうちまち
50%
南魚沼郡 大和町やまとまち
50%
岩船郡 神林村かみはやしむら
50%
東蒲原郡 三川村みかわむら
48%
中魚沼郡 中里村なかさとむら
48%
北魚沼郡 湯之谷村ゆのたにむら
46%
東蒲原郡 鹿瀬町かのせまち
44%
刈羽郡 高柳町たかやなぎまち
44%
中頸城郡 板倉町いたくらまち
44%
佐渡郡 金井町かないまち
44%
佐渡郡 新穂村にいぼむら
44%
北蒲原郡 加治川村かじかわむら
42%
西蒲原郡 潟東村かたひがしむら
42%
南蒲原郡 栄町さかえまち
42%
刈羽郡 小国町おぐにまち
42%
佐渡郡 真野町まのまち
42%
北蒲原郡 安田町やすだまち
40%
北蒲原郡 黒川村くろかわむら
40%
西蒲原郡 西川町にしかわまち
38%
東蒲原郡 上川村かみかわむら
38%
三島郡 与板町よいたまち
38%
三島郡 和島村わしまむら
38%
北蒲原郡 笹神村ささかみむら
35%
西蒲原郡 味方村あじかたむら
35%
北魚沼郡 守門村すもんむら
35%
東頸城郡 安塚町やすづかまち
35%
北蒲原郡 豊浦町とようらまち
33%
西蒲原郡 中之口村なかのくちむら
33%
中魚沼郡 川西町かわにしまち
31%
中頸城郡 三和村さんわむら
31%
中蒲原郡 横越町よこごしまち
29%
北魚沼郡 広神村ひろかみむら
29%
中頸城郡 清里村きよさとむら
23%
佐渡郡 畑野町はたのまち
23%
中頸城郡 吉川町よしかわまち
21%
No matching quizzes found
Score Distribution
Percent of People with Each Score
Percentile by Number Answered
Your Score History
You have not taken this quiz since the last reset